000 00415nam a2200133 i 4500
001 bg
245 0 _aCienkościenne elementy i konstrukcje budowlane :
_bmiędzynarodowe sympozjum.
_nCz. 3,
_pCienkościenne elementy i konstrukcje - metody produkcji i realizacji.
260 _aŁódź,
_c1976.
040 _cBPK
041 _apol
080 _a624(061.3)
942 _cKS
008 s pl f |000 0 pol
999 _c47146
_d47146
856 _uhttp://koha.tu.koszalin.pl/cgi-bin/koha/opac-detail.pl?biblionumber=47146
_yKatalog online BPK